| 000 | 00503cam a22001337a 4500 | ||
|---|---|---|---|
| 008 | 180718b1993 xxu||||| |||| 00| 0 eng d | ||
| 082 | _aPROJ.REP. 1993/MIS | ||
| 100 | _aMisra, Girish K. | ||
| 245 |
_aPublic-private partnership in urban development: with reference to services, housing and infrastructure _cby Girish K. Misra and G.C. Mathur |
||
| 260 |
_aNew Delhi _bIndian Institute of Public Administration _c1993 |
||
| 300 | _a194p. | ||
| 440 | _aIIPA Working Paper, 1993: 1 | ||
| 700 | _aMathur, G.C. | ||
| 999 |
_c492319 _d492319 |
||